00444 2200181 4500001002100000005001500021008004100036020002200077035001900099082001000118090001600128100001900144700002100163245001400184260003100198300001900229650001400248INLIS00000000000962620241224113845241224||||||||| | ||| |||| ||  a978-602-9186-17-8 0010-12240096260 a746.2 a746.2 HAR t0 aHarry Sulistyo0 aPangestu Ningrum00aTas Smock aSurabayabTiara Aksac2011 a64 hlm.; 21 cm 0aKerajinan